000 00203 a2200097 4500
001 2618
100 _aGorlitz, W
245 _aThe kaiser and his court
260 _a
_bMacdonald
_c
090 _c1915
_d1915
942 _aNUST-CAE
_cM
_c10169
999 _c237691
_d237691